| 000 | 01485nam a2200373 i 4500 | ||
|---|---|---|---|
| 005 | 20220317000052.0 | ||
| 008 | 000030c2013 sp a gs spa d spa | ||
| 020 | _a9788434228849 | ||
| 040 |
_aCO-BoRNBP _bspa _cCO-BoRNBP _erda |
||
| 041 | 0 | _aspa | |
| 082 | 0 | 4 |
_a741.5 _bC15d |
| 100 | 1 |
_aCámara, Sergi, _d1964- _eautor |
|
| 245 | 1 | 3 |
_aEl dibujo manga _ctextos Sergi Cámara ; dibujos Vanessa Durán ; dibujos adicionales Lydia Tudela |
| 250 | _aTercera edición | ||
| 264 | 1 |
_aBadalona _bParramón _c2013 |
|
| 300 |
_a191 páginas _bilustraciones a color _c30 cm |
||
| 336 |
_atexto _btxt _2rdacontent |
||
| 337 |
_asin mediación _bn _2rdamedia |
||
| 338 |
_avolumen _bnc _2rdacarrier |
||
| 490 | _aAula de dibujo profesional | ||
| 500 | _aIncluye glosario | ||
| 504 | _aIncluye referencias bibliográficas al final del texto | ||
| 505 | 1 | _aLa historia del manga -- Los materiales -- La narrativa propia del manga -- La creación de personajes -- La ambientación -- El proceso de trabajo | |
| 650 | 1 | 4 |
_aCaricaturas _vManuales _2LEMB |
| 650 | 1 | 4 |
_aDibujo _xEnseñanza _2LEMB |
| 650 | 1 | 4 |
_aDibujo _xEstrategia y técnicas _2LEMB |
| 650 | 1 | 4 |
_aManga (Cómic Japones) _xHistoria _2LEMB |
| 650 | 1 | 4 |
_aTiras cómicas, historietas, etc _xEnseñanza _2LEMB |
| 650 | 1 | 4 |
_aManga (Cómic Japones) _2LEMB |
| 700 | 1 |
_a Durán, Vanessa, _eilustradora _912299 |
|
| 700 | 1 |
_aTudela, Lydia, _eilustradora _9125830 |
|
| 700 | 1 |
_aUbach, Tomás, _eeditor _981318 |
|
| 942 |
_2ddc _cBK |
||
| 999 |
_c3038 _d3038 |
||